000 00623nam a2200241Ia 4500
003 OSt
005 20221007074118.0
006 a|||||r|||| 00| 0
007 ta
008 221006b |||||||| |||| 00| 0 eng d
024 _a12,158
037 _cTextual
040 _aFLL
_cFLL
_beng
041 _2eng
_aeng
082 _aZ2,9298, N8
100 _aTakwani C.C. Au.
_9692514
245 0 _aAdministrative law
250 _a3rd
260 _aLucknow
_bEeastern book comp. India
_c1998
300 _alvi,447p
_ccm.
942 _hZ2,9298, N8
_cTEXL
_2CC
999 _c1151192
_d1151192